000 00712cam a2200217 a 4500
001 000002831
005 20200929150251.0
008 931008s1985 sp b 000 p spa d
020 _a8420725919
040 _aDO-SdBNP
_cNJQ
_dOrU
_dDLC
082 _a861.6
_bR758
245 0 3 _aEl romancero /
_cedición, notas, comentarios y apéndice, Julián Ávila Arellano.
260 _aMadrid :
_bAnaya,
_c1985.
300 _a167 p. :
_bil. ;
_c19 cm.
440 0 _aBiblioteca didáctica Anaya ;
_vno. 5
_98965
504 _aBibliografía: p. 166-167.
650 4 _aPoesía española
_9631
650 4 _aLiteratura española
_9632
700 1 _aÁvila Arellano, Julián,
_eed.
_98966
910 _aCatalogación por copia / LC
999 _c2665
_d2665